| 000 | 00907cam a2200217Ia 4500 | ||
|---|---|---|---|
| 020 | _a0942717627 | ||
| 040 | _cIWA | ||
| 082 | _aBRO ETH 1994 C077 Or. | ||
| 245 | 0 | 0 |
_aEthnoveterinary medicine in Asia : _ban information kit on traditional animal health care practices / |
| 300 |
_a4 volumes : _billustrations ; _c21 cm |
||
| 500 | _aCollaborating organizations, Brot f©ơr die Welt (Bread for the World) and others | ||
| 500 | _aThe manuals are the result of a workshop initiated by staff members of IIRR and the Philippine Program of Heifer Project International, held on July 11-24, 1994 | ||
| 650 | 0 | _aVeterinary alternative medicine | |
| 650 | 0 | _aTraditional medicine. | |
| 650 | 0 | _aVeterinary medicine | |
| 700 | 1 | _aAbbass, David | |
| 710 | 2 | _aInternational Institute of Rural Reconstruction. | |
| 710 | 2 | _aHeifer Project. | |
| 710 | 2 | _aBread for the World (Organization) | |
| 942 | _cAEDBB | ||
| 999 |
_c21373 _d21373 |
||